|
|
|
|
| LEADER |
00000cam a22000004a 4500 |
| 001 |
musev2_6768 |
| 003 |
MdBmJHUP |
| 005 |
20230905040803.0 |
| 006 |
m o d |
| 007 |
cr||||||||nn|n |
| 008 |
900302s1991 alu o 00 0 eng d |
| 010 |
|
|
|z 90034220
|
| 020 |
|
|
|a 9780817384388
|
| 020 |
|
|
|z 9780817305123
|
| 035 |
|
|
|a (OCoLC)44957372
|
| 040 |
|
|
|a MdBmJHUP
|c MdBmJHUP
|
| 043 |
|
|
|a n-us-al
|
| 050 |
0 |
4 |
|a E99.M6815
|b W45 1991
|
| 082 |
0 |
|
|a 330.9761/4301
|2 20
|
| 100 |
1 |
|
|a Welch, Paul D.,
|d 1955-
|
| 245 |
1 |
0 |
|a Moundville's Economy /
|c Paul D. Welch.
|
| 264 |
|
1 |
|a Tuscaloosa :
|b University of Alabama Press,
|c 1991.
|
| 264 |
|
3 |
|a Baltimore, Md. :
|b Project MUSE,
|c 2012
|
| 264 |
|
4 |
|c ©1991.
|
| 300 |
|
|
|a 1 online resource (243 pages):
|b ill., map ;
|
| 336 |
|
|
|a text
|b txt
|2 rdacontent
|
| 337 |
|
|
|a computer
|b c
|2 rdamedia
|
| 338 |
|
|
|a online resource
|b cr
|2 rdacarrier
|
| 500 |
|
|
|a "A Dan Josselyn memorial publication."
|
| 504 |
|
|
|a Includes bibliographical references (p. 202-219) and index.
|
| 588 |
|
|
|a Description based on print version record.
|
| 650 |
|
0 |
|a Indians of North America
|z Alabama
|x Antiquities.
|
| 650 |
|
0 |
|a Indians of North America
|z Alabama
|x Economic conditions.
|
| 650 |
|
0 |
|a Mississippian culture
|z Alabama.
|
| 651 |
|
0 |
|a Moundville Archaeological Park (Moundville, Ala.)
|
| 655 |
|
7 |
|a Electronic books.
|2 local
|
| 710 |
2 |
|
|a Project Muse.
|e distributor
|
| 830 |
|
0 |
|a Book collections on Project MUSE.
|
| 856 |
4 |
0 |
|z Texto completo
|u https://projectmuse.uam.elogim.com/book/6768/
|
| 945 |
|
|
|a Project MUSE - Custom Collection
|
| 945 |
|
|
|a Project MUSE - Archive Complete Foundation
|
| 945 |
|
|
|a Project MUSE - Archive Archaeology and Anthropology Foundation
|
| 945 |
|
|
|a Project MUSE - Archive Native American and Indigenous Studies Foundation
|